Vocabulaire anglais prépa - Statistiques

Statistiques générales
  • Ce quiz a été pris 121 fois
  • Le résultat moyen est 5 sur 46
Statistiques - réponses
Français Anglais % Correct
santé health
75%
vitesse speed
59%
des compétences skills
38%
numérique digital
29%
des preuves evidences
28%
obligatoire compulsory
19%
précision accuracy
13%
défaults, inconvénients drawbacks
13%
les frais de scolarité tuition fees
12%
très répandu widespread
12%
l'enseignement supérieur higher education
10%
réduire (un écarte) to narrow
10%
un pot-de-vin a bribe
7%
qualités, avantages benefits
7%
élargir, creuser to widen
7%
outre-Manche across the Channel
6%
nanti, riche well-to-do
6%
un endroit où les règles du jeu ne sontpas les mêmes pour tous an uneven playing field
4%
des terraux/terrains favorables/fertiles breeding grounds
4%
des décrocheurs scolaires college dropouts
4%
rentable cost-effective
4%
innombrable countless
4%
être coulé dans le même moule to be cast in the same mould
4%
considéré comme allant de soi to be taken for granted
4%
être introduit dans to be ushered into
4%
appeler, nommer to dub
4%
mettre en premier plan to foreground
4%
obtenir sa licence, son diplôme universitaire to graduate from college
4%
démentir to put paid to
4%
côtoyer to rub shoulders with
4%
endiguer (le flot de) to stem the tide of
4%
des gouffres béants yawning gulfs
4%
un large éventail a wide range
3%
panne breakdown
3%
imprimante laser laser printers
3%
la formation du personnel staff training
3%
la chasse gardée the exclusive domain
3%
très uni, soudé tightly-knit
3%
être ébranlé, secoué to be rocked
3%
réfréner, contenir to curb
3%
traiter to process
3%
logiciel de traitement de texte word processing software
3%
les riches the well-off
1%
pratiquement, en réalité to all intents and purposes
1%
réparer des injutices to right wrongs
1%
peser le pour et le contre to weight up the pros and the cons
1%
Aucun quiz correspondant
Distribution des résultats
% des personnes avec chaque résultat
Percentile par nombre de réponses
Votre historique - résultats
Vous n’avez pas pris ce quiz